000 02073nam a2200589 i 4500
001 nkc20223423386
003 CZ PrSKC
005 20241204083021.0
007 ta
008 220525s2022 xr e 000 0 cze
020 _a9788073357870
040 _aBOA001
_bcze
_erda
041 1 _acze
_heng
072 7 _a321
_xPolitologie
_2Konspekt
080 _a316.72/.75(1-15)
_2MRF
080 _a316.752
_2MRF
080 _a329.11
_2MRF
080 _a316.72
_2MRF
080 _a32:316.344.8
_2MRF
080 _a323
_2MRF
080 _a(0:82-4)
_2MRF
080 _a(082.21)
_2MRF
100 1 _aScruton, Roger,
_d1944-2020
_4aut
_918799
240 1 0 _aConfessions of a heretic.
_lČesky
245 1 0 _aKacířova zpověď /
_cRoger Scruton ; přeložil Alexander Tomský
250 _aV českém jazyce vydání první
264 1 _aVoznice :
_bLeda,
_c2022
300 _a197 stran ;
_c21 cm
490 1 _aAgora
500 _aPřeloženo z angličtiny
504 _aObsahuje bibliografické odkazy
520 2 _aEseje rozebírají aktuální společenské a politické problémy (obrana západní civilizace, ochrana přírody, význam národních států, vztahy mezi zvířaty a lidmi, využívání moderních technologií v mezilidské komunikaci atd.).
650 0 7 _azápadní civilizace
_2czenas
650 0 7 _ahodnotová orientace
_2czenas
_91694
650 0 7 _akonzervatismus
_2czenas
_911042
650 0 7 _akulturní identita
_2czenas
_918800
650 0 7 _apolitická identita
_2czenas
_918801
650 0 7 _aspolečnost a politika
_2czenas
_913208
650 0 9 _awestern civilization
_2eczenas
650 0 9 _avalue orientation
_2eczenas
_91698
650 0 9 _aconservatism
_2eczenas
_911045
650 0 9 _acultural identity
_2eczenas
_918802
650 0 9 _apolitical identity
_2eczenas
_918803
650 0 9 _asociety and politics
_2eczenas
_913212
655 7 _aeseje
_9284
655 7 _avýbory
_9925
655 9 _aessays
_977
655 9 _aselected works
_9928
700 1 _aTomský, Alexander,
_d1947-
_4trl
_918804
910 _aABG508
999 _c32752
_d32752